| 000 | 00747nam a22002057a 4500 | ||
|---|---|---|---|
| 999 |
_c12132 _d12132 |
||
| 003 | AR-CdUCM | ||
| 008 | 190402b ||||| |||| 00| 0 spa d | ||
| 040 |
_aMUNICIPALIDAD PROVINCIAL DEL CUSCO _cBIBLIOTECA MUNICIPAL DEL CUSCO |
||
| 082 |
_aEP / 372.036 / _bEN56 |
||
| 110 |
_aEducación Santillana _920532 |
||
| 245 |
_aEnciclopedia Básica : _bTercer grado / |
||
| 260 |
_aLima : _bSantillana ; _c1982. |
||
| 300 |
_a207 paginas ; _c23 cm. _bIlustraciones |
||
| 500 | _aMatematicas Basicas para 3er grado | ||
| 505 | _aContenido: Matemática -- Lenguaje -- Ciencias Naturales -- Ciencias histórico-sociales... | ||
| 650 |
_aEnciclopedia _918213 |
||
| 650 |
_aEducación primaria _91561 |
||
| 942 |
_2ddc _cLIBROS |
||
| 945 |
_anom _d2019-04-05 |
||